Iuridici und munizapalgerichtsbarkeit in Italien

Sparad:
Bibliografiska uppgifter
Huvudupphovsman: Simshäuser, Wilhelm (Författare, medförfattare)
Materialtyp: Bok
Språk:tyska
Publicerad: Múnich Verlagbuchhandlung 1973
Serie:Münchener Beiträge zur Papyrusforschung und Antiken Rechtsgeschichte, 61
Ämnen:
Taggar: Lägg till en tagg
Inga taggar, Lägg till första taggen!

MARC

LEADER 00000nam a2200000 a 4500
001 UCR0941
003 CL-VaPUC
008 971205e19730000GW |||||||||||||||||ger|d
082 0 4 |a 340.54  |b SIM  |2 21 
100 0 |a Simshäuser, Wilhelm  |e author  |9 397597 
245 1 0 |a Iuridici und munizapalgerichtsbarkeit in Italien 
300 |a 288 p 
942 |c BK 
945 |d 19971205 00:00:00  |a aolguin 
260 |a Múnich  |b Verlagbuchhandlung  |c 1973 
650 0 |a Derecho romano  |9 255930 
650 7 |a DERECHO MUNICIPAL  |2 CL-VaPUC  |9 257568 
650 0 |a Municipalidades   |9 255557 
651 0 |a Roma   |9 255106 
583 |a last modification  |c 20170612 01:48:23  |k Rodrigo Vera 
490 0 |a Münchener Beiträge zur Papyrusforschung und Antiken Rechtsgeschichte, 61 
999 |c 264439  |d 264437 
952 |0 0  |1 0  |4 0  |6 340_540000000000000_SIM_1973  |7 0  |8 DER_ROM  |9 294716  |a BIBDER  |b BIBDER  |d 2019-11-19  |i 1909762  |o 340.54 SIM 1973  |p 1909762  |r 2023-01-25  |w 2019-11-19  |x Ubicación 4to piso  |y BK  |z Este recurso debe solicitarse con anticipación  |k DER